[Event "Colmenarejo Autumn op 29th"]
[Site "Colmenarejo"]
[Date "2019.09.22"]
[Round "2"]
[White "Alvarez Alba, Diego"]
[Black "Olmedo Aznar, Eduardo"]
[Result "1/2-1/2"]
[WhiteElo "1526"]
[BlackElo "1764"]
[PlyCount "25"]
[EventDate "2019.09.15"]
[EventType "swiss"]
[EventRounds "7"]
[EventCountry "ESP"]
[SourceTitle "EXT 2021"]
[Source "ChessBase"]
[SourceDate "2020.10.23"]
[SourceVersion "1"]
[SourceVersionDate "2020.10.23"]
[SourceQuality "1"]

1. e4 c5 2. Nc3 Nc6 3. Bb5 g6 4. Bxc6 bxc6 5. f4 Bg7 6. Nf3 d6 7. 0-0 Nf6 8. d3 0-0 9. Qe1 e6 10. Qh4 Nh5 11. Qe1 Nf6 12. Qh4 Nh5 13. Qe1 1/2-1/2

[Event "Colmenarejo Spring op"]
[Site "Colmenarejo"]
[Date "2019.05.12"]
[Round "2.9"]
[White "Olmedo Alvarez, Marcos"]
[Black "Alvarez Alba, Diego"]
[Result "0-1"]
[WhiteElo "1337"]
[BlackElo "1509"]
[PlyCount "80"]
[EventDate "2019.05.05"]
[EventType "swiss"]
[EventRounds "7"]
[EventCountry "ESP"]
[SourceTitle "EXT 2024"]
[Source "ChessBase"]
[SourceDate "2023.10.10"]
[SourceVersion "1"]
[SourceVersionDate "2023.10.10"]
[SourceQuality "1"]

1. e4 c6 2. d3 d5 3. Nd2 a6 4. Ngf3 Bg4 5. g3 Nd7 6. Bg2 e6 7. 0-0 Be7 8. h3 Bh5 9. g4 Bg6 10. Re1 h5 11. exd5 cxd5 12. Ne5 Nxe5 13. Rxe5 Bd6 14. Rg5 Qxg5 15. Ne4 Qd8 16. Bg5 Be7 17. Bxe7 Qxe7 18. Nd2 hxg4 19. Qxg4 Nf6 20. Qa4+ b5 21. Qd4 0-0 22. Nf3 Nd7 23. Qg4 Bf5 24. Qg3 Rac8 25. Re1 Qf6 26. Nh4 Rxc2 27. Nxf5 Qxf5 28. Rb1 Rfc8 29. Kh2 Qe5 30. f4 Qe2 31. Rg1 Rc1 32. Kh1 Rxg1+ 33. Kxg1 Rc1+ 34. Kh2 Rc2 35. h4 Rxb2 36. Kh3 Qxg2+ 37. Qxg2 Rxg2 38. Kxg2 Nc5 39. d4 Nd3 40. Kf3 Nb4 0-1

[Event "Colmenarejo Autumn op 25th"]
[Site "Colmenarejo"]
[Date "2018.10.28"]
[Round "7"]
[White "Buzica Patrin, Teo Adrian"]
[Black "Alvarez Alba, Diego"]
[Result "1/2-1/2"]
[WhiteElo "1358"]
[BlackElo "1486"]
[PlyCount "58"]
[EventDate "2018.09.16"]
[EventType "swiss"]
[EventRounds "7"]
[EventCountry "ESP"]
[SourceTitle "CBM 187 Extra"]
[Source "ChessBase"]
[SourceDate "2018.11.04"]
[SourceVersion "1"]
[SourceVersionDate "2018.11.04"]
[SourceQuality "1"]

1. d4 Nf6 2. Nc3 g6 3. e4 d6 4. Nf3 Bg4 5. Be2 Nbd7 6. 0-0 Bg7 7. h3 Bxf3 8. Bxf3 e5 9. d5 0-0 10. Ne2 Rc8 11. Bg5 h6 12. Be3 Nb6 13. Bxb6 axb6 14. c4 h5 15. Qd2 Nh7 16. Nc3 Ng5 17. Be2 Bh6 18. Qd3 Qd7 19. Qg3 Kh8 20. Bd3 Nh7 21. Ne2 Rg8 22. f4 Bg7 23. Rab1 exf4 24. Qxf4 Rcf8 25. b3 Be5 26. Qf3 Ng5 27. Qe3 Nh7 28. Qf3 Ng5 29. Qe3 Nh7 1/2-1/2